[Event "Wch FIDE Online U12 Girls"]
[Site "Tornelo INT"]
[Date "2020.12.20"]
[Round "2.2"]
[White "Tang, Zoey"]
[Black "Huang, Wendy"]
[Result "1-0"]
[WhiteElo "1871"]
[BlackElo "1860"]
[PlyCount "73"]
[EventDate "2020.12.19"]
[EventType "k.o. (rapid)"]
[EventRounds "4"]
[EventCountry "ISS"]
[SourceTitle "EXT 2022"]
[Source "ChessBase"]
[SourceDate "2021.10.06"]
[SourceVersion "1"]
[SourceVersionDate "2021.10.06"]
[SourceQuality "1"]

1. d4 Nf6 2. Bg5 g6 3. Bxf6 exf6 4. e3 d5 5. g3 Bg7 6. Bg2 0-0 7. Ne2 c6 8. Nd2 Nd7 9. 0-0 Nb6 10. b3 Re8 11. c4 Bf5 12. cxd5 cxd5 13. Nc3 Rc8 14. Rc1 Qd7 15. Re1 h5 16. a4 a5 17. Qe2 Qe6 18. Qb5 Red8 19. Qxa5 h4 20. Qb5 h3 21. Bh1 Bf8 22. b4 Qd6 23. a5 Nc4 24. Nxc4 Rxc4 25. Nxd5 Rxc1 26. Rxc1 Kg7 27. Bf3 Bd7 28. Qe2 Bc6 29. Nf4 Bxf3 30. Qxf3 Qxb4 31. Nxh3 Qxa5 32. Qxb7 Qh5 33. Nf4 Qf5 34. Rc7 Bd6 35. Rxf7+ Kh6 36. Rh7+ Kg5 37. Nh3+ 1-0

[Event "Wch FIDE Online U12 Girls"]
[Site "Tornelo INT"]
[Date "2020.12.19"]
[Round "1.2"]
[White "Velea, Sophie"]
[Black "Huang, Wendy"]
[Result "0-1"]
[WhiteElo "1643"]
[BlackElo "1860"]
[PlyCount "110"]
[EventDate "2020.12.19"]
[EventType "k.o. (rapid)"]
[EventRounds "4"]
[EventCountry "ISS"]
[SourceTitle "EXT 2022"]
[Source "ChessBase"]
[SourceDate "2021.10.06"]
[SourceVersion "1"]
[SourceVersionDate "2021.10.06"]
[SourceQuality "1"]

1. e4 c5 2. Nf3 d6 3. Bb5+ Bd7 4. Bxd7+ Qxd7 5. 0-0 Nf6 6. Re1 Nc6 7. c3 e6 8. d4 cxd4 9. cxd4 d5 10. e5 Ne4 11. Nbd2 Nxd2 12. Bxd2 Be7 13. Rc1 0-0 14. a3 Rac8 15. Rc3 a6 16. Rd3 h6 17. h4 Qd8 18. Nh2 Bxh4 19. Ng4 Bg5 20. Rg3 f6 21. exf6 Rxf6 22. Nxf6+ Qxf6 23. Bxg5 hxg5 24. Rc3 Rf8 25. Rf3 Qxd4 26. Rxf8+ Kxf8 27. Qf3+ Ke7 28. Qg3 Qf4 29. Qb3 Qd2 30. Qxb7+ Kd6 31. Rf1 a5 32. Qxg7 Nd4 33. Qf8+ Kd7 34. Qf7+ Kd6 35. Qh5 Qxb2 36. Re1 Qd2 37. Rb1 Qc2 38. Rd1 Ne2+ 39. Kh2 Qxd1 40. Qxg5 Qg1+ 41. Kh3 Qh1+ 42. Kg4 Qxg2+ 43. Kh5 Qxg5+ 44. Kxg5 d4 45. Kg4 d3 46. Kf3 e5 47. Ke3 e4 48. f3 exf3 49. Kxd3 Nd4 50. Kd2 Kc5 51. Ke1 Kc4 52. Kf2 Kb3 53. Ke3 Kxa3 54. Kxd4 f2 55. Ke3 f1Q 0-1

[Event "Wch FIDE Online U12 Girls Europe qual"]
[Site "Tornelo INT"]
[Date "2020.12.09"]
[Round "6"]
[White "Huang, Wendy"]
[Black "Szczotka, Klara"]
[Result "1-0"]
[WhiteElo "1860"]
[BlackElo "1645"]
[PlyCount "143"]
[EventDate "2020.12.07"]
[EventType "swiss (rapid)"]
[EventRounds "7"]
[EventCountry "ISS"]
[SourceTitle "EXT 2022"]
[Source "ChessBase"]
[SourceDate "2021.10.06"]
[SourceVersion "1"]
[SourceVersionDate "2021.10.06"]
[SourceQuality "1"]

1. e4 c5 2. Nf3 e6 3. c3 Nf6 4. e5 Nd5 5. d4 cxd4 6. cxd4 d6 7. a3 Bd7 8. Bd3 Bc6 9. 0-0 Nd7 10. Re1 Be7 11. Bd2 dxe5 12. dxe5 Nc5 13. Bc2 0-0 14. b4 Nd7 15. Nc3 Nxc3 16. Bxc3 Nb6 17. Nd4 Bd5 18. Bb3 Rc8 19. Bxd5 Nxd5 20. Bb2 Qd7 21. Rc1 Bg5 22. Rxc8 Rxc8 23. Nf3 Bh6 24. Qd3 Qe7 25. Bd4 b6 26. Qe4 g6 27. g3 Qc7 28. Qh4 Bg7 29. Ng5 h6 30. Nf3 Qe7 31. Qe4 Rc6 32. b5 Rc8 33. Qd3 Qc7 34. Rd1 Qc4 35. Kg2 Qxd3 36. Rxd3 Rc1 37. Nd2 Bf8 38. Ne4 Rc4 39. Nf6+ Nxf6 40. exf6 Ra4 41. Be3 g5 42. Rd8 Rxa3 43. h4 Rb3 44. hxg5 hxg5 45. Bxg5 Rxb5 46. Bh6 Kh7 47. Bxf8 Kg6 48. Be7 a5 49. Rg8+ Kh6 50. Rg7 a4 51. Rxf7 a3 52. Bxa3 Rf5 53. Be7 Kg6 54. Rg7+ Kh6 55. Rg4 Kh5 56. Rf4 Kg6 57. Rxf5 exf5 58. Kf3 b5 59. Kf4 b4 60. Bxb4 Kxf6 61. f3 Kg6 62. g4 fxg4 63. fxg4 Kf6 64. g5+ Kg6 65. Kg4 Kg7 66. Kf5 Kf7 67. g6+ Kg7 68. Kg5 Kg8 69. Bc3 Kf8 70. Kh6 Kg8 71. g7 Kf7 72. Kh7 1-0

[Event "Candidates FED U16 Online"]
[Site "Chess.com INT"]
[Date "2020.04.19"]
[Round "5.5"]
[White "Huang, Wendy"]
[Black "Nur Mukhametova, Alisa"]
[Result "0-1"]
[WhiteElo "1860"]
[BlackElo "2262"]
[PlyCount "92"]
[EventDate "2020.04.18"]
[EventType "team-tourn (rapid)"]
[EventRounds "5"]
[EventCountry "USA"]
[SourceTitle "CBM 195 Extra"]
[Source "ChessBase"]
[SourceDate "2020.05.31"]
[SourceVersion "1"]
[SourceVersionDate "2020.05.31"]
[SourceQuality "1"]
[WhiteTeam "Netherlands"]
[BlackTeam "Russia"]
[WhiteTeamCountry "NED"]
[BlackTeamCountry "RUS"]

1. e4 c5 2. Nf3 e6 3. c4 Nc6 4. Nc3 Nd4 5. Be2 Ne7 6. 0-0 Nec6 7. d3 d6 8. Be3 g6 9. Nb5 Nxf3+ 10. Bxf3 a6 11. Nc3 Bg7 12. Qd2 0-0 13. Ne2 Ne5 14. Ng3 Nxf3+ 15. gxf3 h5 16. Bg5 Qb6 17. Rab1 a5 18. Kg2 Bd7 19. h4 Rfe8 20. b3 Qb4 21. Rfc1 Bc6 22. Qf4 Be5 23. Qd2 Ra6 24. Bf4 Qb6 25. Bxe5 dxe5 26. Qg5 Qd8 27. Qxe5 Qxh4 28. Rh1 Qe7 29. Rh3 f6 30. Qc3 e5 31. Rbh1 Kf7 32. Qd2 Rh8 33. Rh4 a4 34. Qc2 axb3 35. axb3 Qd6 36. Rd1 Rha8 37. Rhh1 Ra2 38. Qc3 Qd4 39. Qxd4 exd4 40. Rb1 Rd2 41. Rhd1 Raa2 42. Nh1 Rab2 43. Rxb2 Rxb2 44. Ng3 Rxb3 45. f4 Rb2 46. Kf3 b5 0-1

[Event "Candidates FED U16 Online"]
[Site "Chess.com INT"]
[Date "2020.04.19"]
[Round "4.5"]
[White "Song, Yuxin"]
[Black "Huang, Wendy"]
[Result "1-0"]
[WhiteElo "2290"]
[BlackElo "1860"]
[PlyCount "121"]
[EventDate "2020.04.18"]
[EventType "team-tourn (rapid)"]
[EventRounds "5"]
[EventCountry "USA"]
[SourceTitle "CBM 195 Extra"]
[Source "ChessBase"]
[SourceDate "2020.05.31"]
[SourceVersion "1"]
[SourceVersionDate "2020.05.31"]
[SourceQuality "1"]
[WhiteTeam "China"]
[BlackTeam "Netherlands"]
[WhiteTeamCountry "CHN"]
[BlackTeamCountry "NED"]

1. d4 Nf6 2. Bg5 e6 3. e4 Be7 4. Nd2 d5 5. e5 Nfd7 6. Bxe7 Qxe7 7. Bd3 c5 8. c3 Nc6 9. Ne2 0-0 10. 0-0 cxd4 11. cxd4 f6 12. f4 fxe5 13. fxe5 Nb6 14. Rxf8+ Qxf8 15. Qc2 g6 16. a3 Bd7 17. Rf1 Qe7 18. Nf3 Rc8 19. Qd2 Rf8 20. Qh6 Qg7 21. Qh4 Ne7 22. Rc1 Rc8 23. Rf1 Rf8 24. Qg5 Nf5 25. Ng3 Nxg3 26. Qxg3 Nc4 27. Bxc4 dxc4 28. Ng5 Rxf1+ 29. Kxf1 Qf8+ 30. Ke2 Qf5 31. Qe3 Bb5 32. Kd2 Ba4 33. Ne4 Kg7 34. Qf3 Qxf3 35. gxf3 Bc6 36. Ke3 Bd5 37. Nc3 Bc6 38. Nb1 g5 39. Nd2 Bd5 40. Ne4 Kg6 41. Nf6 Bc6 42. Ng8 Kf7 43. Nh6+ Kg6 44. Ng4 Kf5 45. Nf6 Kg6 46. f4 h6 47. Ng8 Kg7 48. Ne7 gxf4+ 49. Kxf4 Bg2 50. Nc8 a6 51. Nb6 Bd5 52. Nxd5 exd5 53. Kf5 Kf7 54. e6+ Ke7 55. Ke5 b5 56. Kxd5 a5 57. Kc5 Kxe6 58. Kxb5 Kd5 59. Kxa5 Kxd4 60. Kb4 Kd3 61. a4 1-0